The single European market (Record no. 92062)
[ view plain ]
| 000 -LEADER | |
|---|---|
| fixed length control field | 01072cam a2200241 4500 |
| 001 - CONTROL NUMBER | |
| control field | B1907 |
| 008 - FIXED-LENGTH DATA ELEMENTS--GENERAL INFORMATION | |
| fixed length control field | 090401t1988 xxu||||| |||| 00| 0 eng d |
| 035 ## - SYSTEM CONTROL NUMBER | |
| System control number | (Sirsi) u46994 |
| 041 ## - LANGUAGE CODE | |
| Language code of text/sound track or separate title | eng |
| 050 ## - LIBRARY OF CONGRESS CALL NUMBER | |
| Classification number | 338.4369 |
| -- | 18 |
| 110 ## - MAIN ENTRY--CORPORATE NAME | |
| Corporate name or jurisdiction name as entry element | Industrial Market Research Ltd |
| 9 (RLIN) | 2416 |
| 245 #4 - TITLE STATEMENT | |
| Title | The single European market |
| Remainder of title | the impact on the United Kingdom construction industry |
| 260 ## - PUBLICATION, DISTRIBUTION, ETC. | |
| Place of publication, distribution, etc. | London |
| Name of publisher, distributor, etc. | Touche Ross |
| Date of publication, distribution, etc. | 1988 |
| 300 ## - PHYSICAL DESCRIPTION | |
| Extent | 15 |
| Type of unit | leaves |
| Dimensions | 30cm. |
| 350 ## - PRICE (NR) (BK AM CF MU VM SE) [OBSOLETE] | |
| Price | 0 |
| 505 ## - FORMATTED CONTENTS NOTE | |
| Formatted contents note | Summary and evaluation |
| 505 ## - FORMATTED CONTENTS NOTE | |
| Formatted contents note | The current market for construction goods and services: the European Community construction market; intra EEC imports and exports of building materials |
| 505 ## - FORMATTED CONTENTS NOTE | |
| Formatted contents note | Survey findings: awareness; planning for 1992; reactions to 1992; the impact of a single European Community market; opinions on commercial issues; attitudes of suppliers of building materials; the attitude of the contracting industry; the attitudes of specifiers |
| 650 ## - SUBJECT ADDED ENTRY--TOPICAL TERM | |
| Topical term or geographic name entry element | EUROPEAN COMMUNITY |
| 690 ## - LOCAL SUBJECT ADDED ENTRY--TOPICAL TERM (OCLC, RLIN) | |
| Topical term or geographic name as entry element | BUILT ENVIRONMENT-CONSTRUCTION MARKET |
| 942 ## - ADDED ENTRY ELEMENTS (KOHA) | |
| Suppress in OPAC | 0 |
| 948 ## - LOCAL PROCESSING INFORMATION (OCLC); SERIES PART DESIGNATOR (RLIN) | |
| c (OCLC) | 04/03/1997 |
| Withdrawn status | Lost status | Source of classification or shelving scheme | Damaged status | Not for loan | Home library | Current library | Shelving location | Date acquired | Total Checkouts | Full call number | Barcode | Date last seen | Date last checked out | Copy number | Price effective from | Koha item type |
|---|---|---|---|---|---|---|---|---|---|---|---|---|---|---|---|---|
| Dewey Decimal Classification | London | London | Basement | 12/08/1991 | 1 | SHELF 202 | 30003705 | 06/08/2019 | 11/10/2000 | 1 | 06/08/2019 | Book |